<?xml version="1.0" encoding="UTF-8"?><?xml-stylesheet type="text/xsl" href="static/style.xsl"?><OAI-PMH xmlns="http://www.openarchives.org/OAI/2.0/" xmlns:xsi="http://www.w3.org/2001/XMLSchema-instance" xsi:schemaLocation="http://www.openarchives.org/OAI/2.0/ http://www.openarchives.org/OAI/2.0/OAI-PMH.xsd"><responseDate>2026-04-18T02:04:06Z</responseDate><request verb="GetRecord" identifier="oai:www.recercat.cat:2072/533180" metadataPrefix="marc">https://recercat.cat/oai/request</request><GetRecord><record><header><identifier>oai:recercat.cat:2072/533180</identifier><datestamp>2024-12-21T21:39:26Z</datestamp><setSpec>com_2072_220028</setSpec><setSpec>com_2072_4427</setSpec><setSpec>col_2072_220405</setSpec></header><metadata><record xmlns="http://www.loc.gov/MARC21/slim" xmlns:dcterms="http://purl.org/dc/terms/" xmlns:xsi="http://www.w3.org/2001/XMLSchema-instance" xmlns:doc="http://www.lyncode.com/xoai" xsi:schemaLocation="http://www.loc.gov/MARC21/slim http://www.loc.gov/standards/marcxml/schema/MARC21slim.xsd">
   <leader>00925njm 22002777a 4500</leader>
   <datafield ind2=" " ind1=" " tag="042">
      <subfield code="a">dc</subfield>
   </datafield>
   <datafield ind2=" " ind1=" " tag="720">
      <subfield code="a">Tardio, Katie</subfield>
      <subfield code="e">author</subfield>
   </datafield>
   <datafield ind2=" " ind1=" " tag="720">
      <subfield code="a">Colominas Barberà, Lídia</subfield>
      <subfield code="e">author</subfield>
   </datafield>
   <datafield ind2=" " ind1=" " tag="260">
      <subfield code="c">2022</subfield>
   </datafield>
   <datafield ind2=" " ind1=" " tag="520">
      <subfield code="a">En aquest capítol presentem els resultats preliminars de l’estudi que s’està duent a terme de les restes de fauna que es van recuperar a la vil·la romana dels Munts, una edificació situada a 14 quilòmetres de Tàrraco. Fins ara s’han analitzat més de 800 restes que es poden datar entre els segles III i V, que són les que presentarem a continuació. 
Aquestes primeres dades arqueozoològiques dels Munts permetran aportar informació molt valuosa sobre aquesta coneguda finca costanera; proporcionaran informació sobre l’economia de la vil·la, incidint en aspectes com la gestió i l’explotació que es va dur a terme dels animals i les preferències alimentàries dels seus habitants. 
La vil·la va estar en ús des del segle i, tot i que es va enderrocar a principis del segle II per construir-hi una gran vil·la luxosa. Un incendi va destruir part de la propietat a finals del segle iii, moment en què es va iniciar un període de decadència. A finals del segle iv es detecta una recuperació de l’activitat arquitectònica al sector de l’edifici principal, que es va utilitzar fins al segle vii (per a més informació sobre la vil·la, consulteu aquest mateix volum).</subfield>
   </datafield>
   <datafield ind1="8" ind2=" " tag="024">
      <subfield code="a">978-84-19326-74-4</subfield>
   </datafield>
   <datafield ind1="8" ind2=" " tag="024">
      <subfield code="a">http://hdl.handle.net/2072/533180</subfield>
   </datafield>
   <datafield ind2="0" ind1="0" tag="245">
      <subfield code="a">Contextos faunístics: una finestra a la ramaderia i a la dieta càrnica dels Munts</subfield>
   </datafield>
</record></metadata></record></GetRecord></OAI-PMH>